MARC

LEADER 00000nam0a2200000 4500
001 300880
005 20231102001339.0
035 |a (RuTPU)RU\TPU\book\326033 
090 |a 300880 
100 |a 20150717d1982 km y0rusy50 ca 
101 0 |a rus 
102 |a RU 
105 |a a z 000zy 
200 1 |a Проблемы традиций и новаторства в современной музыке  |f под ред. А. М. Гольцмана 
210 |a Москва  |c Советский композитор  |d 1982 
215 |a 231 с.  |c ил. 
606 1 |a Музыка  |2 stltpush  |3 (RuTPU)RU\TPU\subj\73462  |9 86458 
610 1 |a музыкальная культура 
610 1 |a музыкальное творчество 
610 1 |a новаторство 
610 1 |a музыкальное мышление 
610 1 |a тематизм 
610 1 |a симфоническая музыка 
610 1 |a полифония 
610 1 |a музыкознание 
610 1 |a теория 
675 |a 78  |v 4 
702 1 |a Гольцман  |b А. М.  |4 340 
801 1 |a RU  |b 63413507  |c 20150717 
801 2 |a RU  |b 63413507  |c 20160714  |g RCR 
942 |c BK